| 000 | 00491 a2200157 4500 | ||
|---|---|---|---|
| 001 | 85395 | ||
| 020 |
_a9781935295082 _a9781935295082 |
||
| 082 | _a303.484 CET | ||
| 100 |
_aMuhammad Cetin and forwarded by Akbar S. Ahmed _aMuhammad Cetin and Akbar S. Ahmed |
||
| 245 | _aGulen Movement: civic service without borders | ||
| 250 | _a1st | ||
| 260 |
_aNew York _bBlue Dome _c2011 |
||
| 300 | _axxvii, 371p. | ||
| 650 |
_agulan movement-turkey _cgulen movement |
||
| 700 | _4Akbar S. Ahmad | ||
| 942 |
_aCAE NUST _k303.484 CET |
||
| 999 |
_c320468 _d320468 |
||